000 00270nam a2200121Ia 4500
008 190216s9999||||xx |||||||||||||| ||und||
100 _aV.Saran
245 0 _aInternational Financial Management
250 _a3rd Ed.
260 _bPhi
_c2005
300 _a552
942 _cBK
999 _c8288
_d8288